MMF znova oceňuje vývoj na Slovensku

Medzinárodný menový fond vníma vývoj v SR aj naďalej pozitívne. Obavy má len o rast zahraničného dlhu. Medzi rizikovými aspektmi uvádza zatiaľ nedostatočné štrukturálne zmeny a vysokú nezamestnanosť.

Guardado en:
Detalles Bibliográficos
Formato: Capítulo de libro
Lenguaje:eslovaco
Materias:
Etiquetas: Agregar Etiqueta
Sin Etiquetas, Sea el primero en etiquetar este registro!

MARC

LEADER 00000naa a2200000 4500
001 r049534
005 20230925124117.2
041 0 |a slo 
044 |a SK 
245 1 0 |a MMF znova oceňuje vývoj na Slovensku 
520 |a Medzinárodný menový fond vníma vývoj v SR aj naďalej pozitívne. Obavy má len o rast zahraničného dlhu. Medzi rizikovými aspektmi uvádza zatiaľ nedostatočné štrukturálne zmeny a vysokú nezamestnanosť. 
610 2 0 |a vývoj hospodársky 
610 2 0 |a vývoj menový 
610 2 0 |a nezamestnanosť 
610 2 0 |a dlhy 
610 2 0 |a Medzinárodný menový fond